Vplyv masovokomunikačných prostriedkov na formovanie osobnosti študentov : Záverečná práca

Salvato in:
Dettagli Bibliografici
Autore principale: Vinczeová, Ildikó (Autore)
Natura: Manoscritto Libro
Lingua:slovacco
Pubblicazione: Bratislava : STU v Bratislave MtF KIPP, 2006
Soggetti:
Tags: Aggiungi Tag
Nessun Tag, puoi essere il primo ad aggiungerne!!

MARC

LEADER 00000ntm a22000003a 4500
001 stu125868
005 20160719155508.1
008 060911s2006----xo------------------slo-d
040 |a STU  |b slo 
041 0 |a slo 
044 |a xo 
100 1 |a Vinczeová, Ildikó  |4 aut 
245 1 |a Vplyv masovokomunikačných prostriedkov na formovanie osobnosti študentov :  |b Záverečná práca 
260 |a Bratislava :  |b STU v Bratislave MtF KIPP,  |c 2006 
300 |a 35 s  |c príl (1 CD) 
650 7 |a inžinierska pedagogika  |2 stusub 
650 7 |a masovokomunikačné prostriedky  |2 stusub 
700 1 |a Budinec, Igor,  |d 1940-  |4 csl  |u M220  |U MTF Ústav inžinierskej pedagogiky a humatitných vied  |T MTF Katedra inžinierskej pedagogiky a psychológie  |X 3631  |U M220  |Y M220  |7 A000003631 
996 |b 284M074043  |c M*ZP-573  |l MMSKP  |s P  |a 0  |w stu125868_0001